[Event "2012(Zaozhuang-China) Asian Nations Chess Cup"]
[Site "ZaoZhuang, China"]
[Date "2012.05.25"]
[Round "8"]
[Board "4"]
[White "Chan, Wei Yi Victoria"]
[Black "Li, Xueyi"]
[Result "0-1"]
[WhiteElo "1947"]
[BlackElo "2082"]
[PlyCount "0"]
[EventDate "2012.05.17"]
[EventType "team"]
[EventRounds "9"]
[EventCountry "CHN"]
[WhiteTeam "Singapore"]
[BlackTeam "China 3"]

1. d4 d5 2. c4 c6 3. Nf3 Nf6 4. Nc3 e6 5. e3 Nbd7 6. Qc2 Bd6 7. b3 O-O 8. Bb2
e5 9. cxd5 cxd5 10. dxe5 Nxe5 11. Be2 Qe7 12. Rd1 Be6 13. h3 Rac8 14. Nxe5 Bxe5
15. Bf3 Rxc3 16. Bxc3 Rc8 17. O-O Rxc3 18. Qe2 Rc8 19. Rc1 Rd8 20. Rfd1 Bb8 21.
h4 Re8 22. Qb5 Bg4 23. Bxg4 Nxg4 24. Rxd5 Rf8 25. Rg5 Ne5 26. Qa4 h6 27. Rf5 g6
28. Rf4 Nd3 29. Re4 Qd6 30. Rd1 Qh2+ 31. Kf1 Nb2 32. Qd4 Nxd1 33. Qxd1 Qh1+ 34.
Ke2 Qxg2 35. Rd4 Qc6 36. Rg4 h5 37. Rg5 Bc7 38. Qg1 Kh7 39. f4 f5 40. Qd1 Rd8
41. Qb1 Bb6 42. Qb2 Re8 43. Rg3 Rxe3+ 44. Kd2 Rxg3 45. Qe5 Rg2+ 46. Kd1 Qc2+
47. Ke1 Qc1+ 0-1

[Event "2012(Zaozhuang-China) Asian Nations Chess Cup"]
[Site "ZaoZhuang, China"]
[Date "2012.05.25"]
[Round "8"]
[Board "1"]
[White "Tan, Zhongyi"]
[Black "Pourkashiyan, Atousa"]
[Result "1-0"]
[WhiteElo "2430"]
[BlackElo "2336"]
[PlyCount "0"]
[EventDate "2012.05.17"]
[EventType "team"]
[EventRounds "9"]
[EventCountry "CHN"]
[WhiteTeam "China 2"]
[BlackTeam "Iran"]

1. c4 e6 2. Nf3 d5 3. g3 Nf6 4. Bg2 Be7 5. d4 O-O 6. O-O dxc4 7. Qc2 a6 8. a4
Bd7 9. Qxc4 Bc6 10. Bf4 a5 11. Nc3 Na6 12. Rac1 Nb4 13. Ne5 Bxg2 14. Kxg2 Nfd5
15. Nxd5 Qxd5+ 16. Qxd5 Nxd5 17. Bd2 Bd6 18. Nc4 Bb4 19. e4 Nf6 20. f3 Bxd2 21.
Nxd2 Rfd8 22. Rxc7 Rxd4 23. Nc4 Ne8 24. Rc5 Nd6 25. Rc1 Nxc4 26. R1xc4 Rxc4 27.
Rxc4 Kf8 28. Rc7 Rb8 29. b3 b6 30. g4 g5 31. Kg3 Kg7 32. Rc6 Kf6 33. h4 gxh4+
34. Kxh4 Ke5 35. Kg3 Rb7 36. g5 f5 37. gxf6 Kxf6 38. Kf4 h6 39. e5+ Kf7 40. Kg3
Ke7 41. f4 Kd7 42. Rd6+ Ke7 43. Kg4 Rb8 44. Kh5 b5 45. Kxh6 bxa4 46. bxa4 Rb4
47. Kg5 Rxa4 48. Ra6 Re4 49. Rxa5 Kf7 50. Ra7+ Kf8 51. Rb7 Ke8 52. Rh7 Kf8 53.
Ra7 Ke8 54. Kf6 Rxf4+ 55. Kxe6 Kf8 56. Ra8+ Kg7 57. Ke7 Re4 58. e6 Kg6 59. Kd7
Rd4+ 60. Ke8 Kf6 61. e7 Re4 62. Ra6+ Kg7 63. Ra1 Rg4 64. Rd1 Ra4 65. Kd7 Ra7+
66. Ke6 Ra6+ 67. Rd6 Ra8 68. Rd8 Ra6+ 69. Kd5 Ra5+ 70. Ke4 1-0

[Event "2012(Zaozhuang-China) Asian Nations Chess Cup"]
[Site "ZaoZhuang, China"]
[Date "2012.05.25"]
[Round "8"]
[Board "2"]
[White "Khademalsharieh, Sarasadat"]
[Black "Wang, Yu A"]
[Result "1/2-1/2"]
[WhiteElo "2284"]
[BlackElo "2375"]
[PlyCount "0"]
[EventDate "2012.05.17"]
[EventType "team"]
[EventRounds "9"]
[EventCountry "CHN"]
[WhiteTeam "Iran"]
[BlackTeam "China 2"]

1. d4 Nf6 2. Nf3 c5 3. d5 e6 4. c4 exd5 5. cxd5 d6 6. Nc3 g6 7. Nd2 Bg7 8. e4
O-O 9. Be2 Re8 10. O-O Na6 11. f3 Nc7 12. a4 b6 13. Nc4 Ba6 14. Ra3 Nh5 15. Be3
f5 16. Qd2 Bxc4 17. Bxc4 fxe4 18. Nxe4 Nf6 19. Bd3 Qe7 20. Bg5 Qe5 21. Nxf6+
Bxf6 22. Bxf6 Qxf6 23. Be4 Na6 24. g3 Nb4 25. Kg2 Re7 26. h4 Rf8 27. Re3 Rfe8
28. Rfe1 Kg7 29. R3e2 Qd4 30. Qxd4+ cxd4 31. Rd2 Nxd5 32. Rxd4 Nf6 33. Rxd6
Nxe4 34. fxe4 Rxe4 35. Rd7+ Kg8 36. Rxe4 Rxe4 37. Rxa7 Re2+ 38. Kf3 Rxb2 39.
Kf4 Rf2+ 40. Ke4 Rg2 41. Kf3 Rc2 1/2-1/2

[Event "2012(Zaozhuang-China) Asian Nations Chess Cup"]
[Site "ZaoZhuang, China"]
[Date "2012.05.25"]
[Round "8"]
[Board "3"]
[White "Wang, Jue"]
[Black "Ghader Pour, Shayesteh"]
[Result "1-0"]
[WhiteElo "2364"]
[BlackElo "2241"]
[PlyCount "0"]
[EventDate "2012.05.17"]
[EventType "team"]
[EventRounds "9"]
[EventCountry "CHN"]
[WhiteTeam "China 2"]
[BlackTeam "Iran"]

1. e4 c5 2. Nf3 d6 3. d4 cxd4 4. Nxd4 Nf6 5. Nc3 a6 6. Be3 e5 7. Nb3 Be6 8. f4
exf4 9. Bxf4 Nc6 10. Qe2 Be7 11. h3 Nd7 12. Qd2 Nce5 13. O-O-O O-O 14. Kb1 Qc7
15. g4 b5 16. Qg2 Rfc8 17. Nd5 Bxd5 18. exd5 Nb6 19. g5 Nbc4 20. Bd3 a5 21. Bc1
Bf8 22. h4 g6 23. h5 Qb6 24. hxg6 hxg6 25. Be4 Bg7 26. Nd4 b4 27. Qh3 Kf8 28.
Qh7 Nd3 29. Ne6+ fxe6 30. Rxd3 Na3+ 31. Rxa3 1-0

[Event "2012(Zaozhuang-China) Asian Nations Chess Cup"]
[Site "ZaoZhuang, China"]
[Date "2012.05.25"]
[Round "8"]
[Board "4"]
[White "Hejazipour, Mitra"]
[Black "Guo, Qi"]
[Result "0-1"]
[WhiteElo "2223"]
[BlackElo "2360"]
[PlyCount "0"]
[EventDate "2012.05.17"]
[EventType "team"]
[EventRounds "9"]
[EventCountry "CHN"]
[WhiteTeam "Iran"]
[BlackTeam "China 2"]

1. d4 Nf6 2. Nf3 e6 3. c4 d5 4. Nc3 dxc4 5. Bg5 Bb4 6. e4 c5 7. Bxc4 cxd4 8.
Nxd4 Qa5 9. Bxf6 Bxc3+ 10. bxc3 Qxc3+ 11. Kf1 gxf6 12. Rc1 Qa5 13. Nb5 a6 14.
Nd6+ Ke7 15. Bb5 Bd7 16. Be2 Bc6 17. Nc4 Qc5 18. Ne3 Qd6 19. Qb3 Nd7 20. f3
Rhc8 21. Kf2 Kf8 22. Rhd1 Qe7 23. Nc4 Bb5 24. Qe3 Bxc4 25. Bxc4 Ne5 26. Be2 b5
27. f4 Ng6 28. Rd3 f5 29. exf5 Qh4+ 30. Kg1 Nxf4 31. Rf1 Nxd3 32. Bxd3 exf5 33.
Qe5 Qg5 34. Rxf5 Rc1+ 35. Bf1 Qg7 36. Qd6+ Kg8 37. Qd5 Qf8 38. Rg5+ Kh8 39.
Qd4+ f6 40. Rf5 Rd8 41. Qb2 Rc6 42. h3 Qd6 43. Qb3 Rc5 44. Rf3 Qe7 45. Re3 Re5
46. Rf3 Qe6 47. Qc3 Rf5 48. Qc7 Re8 49. Bd3 Qe1+ 50. Kh2 Qe5+ 51. Qxe5 Rfxe5
52. Rxf6 R5e6 53. Rf4 Rd8 54. Bf1 Rdd6 55. Rb4 Rf6 56. Rb1 Rd4 57. Kg1 Rc6 58.
Rb2 Rcd6 59. a3 Rd1 60. Rf2 Kg7 61. g4 Rf6 0-1

[Event "2012(Zaozhuang-China) Asian Nations Chess Cup"]
[Site "ZaoZhuang, China"]
[Date "2012.05.25"]
[Round "8"]
[Board "1"]
[White "Khasanova, Flyura"]
[Black "Irine, Kharisma Sukandar"]
[Result "0-1"]
[WhiteElo "2318"]
[BlackElo "2288"]
[PlyCount "0"]
[EventDate "2012.05.17"]
[EventType "team"]
[EventRounds "9"]
[EventCountry "CHN"]
[WhiteTeam "Kazakhstan"]
[BlackTeam "Indonesia"]

1. c4 e5 2. g3 Nf6 3. Bg2 c6 4. d4 e4 5. d5 Bb4+ 6. Bd2 Qe7 7. Nc3 O-O 8. a3
Bc5 9. e3 d6 10. Nge2 b5 11. cxb5 cxd5 12. b4 Bb6 13. O-O Nbd7 14. Bc1 Bb7 15.
Nf4 Qe5 16. Bb2 d4 17. Na4 Qxb5 18. Nxb6 axb6 19. Bxd4 Rac8 20. Bh3 Rcd8 21.
Bxd7 Nxd7 22. Qg4 Ne5 23. Bxe5 dxe5 24. Nh5 g6 25. Nf6+ Kg7 26. Nh5+ Kh8 27.
Qg5 f5 28. Rfd1 Qe8 29. Nf6 Qf7 30. Rxd8 Rxd8 31. Ng4 Rd6 32. Nxe5 Qg7 33. Qf4
Rd5 34. Nxg6+ hxg6 35. Qb8+ Kh7 36. Rc1 Rd7 37. a4 Qh8 38. Qf4 Qd8 39. Kg2 Bd5
40. h4 Qf6 41. a5 bxa5 42. bxa5 Bb7 43. Rc7 Qf7 44. Rc5 Qf8 45. Rc7 Qd8 46. Rc5
Rf7 47. h5 g5 48. Qe5 Qe7 49. Qxe7 Rxe7 50. Rxf5 g4 51. Kf1 Ba6+ 52. Ke1 Bd3
53. Rg5 Rc7 54. Rxg4 Rc1+ 55. Kd2 Rc2+ 56. Ke1 Re2+ 57. Kd1 Rxf2 58. a6 Ra2 59.
Rg6 Rxa6 60. Rg5 Kh6 61. Re5 Ra1+ 62. Kd2 Rg1 63. Kc3 Rxg3 64. Kd4 Rg5 65. Re8
Kxh5 66. Rf8 Kg4 67. Rf4+ Kg3 68. Rf8 Rg4 69. Rf6 Be2 70. Rf8 Bf3 71. Ra8 Rg7
72. Rh8 Rd7+ 73. Ke5 Kf2 0-1

[Event "2012(Zaozhuang-China) Asian Nations Chess Cup"]
[Site "ZaoZhuang, China"]
[Date "2012.05.25"]
[Round "8"]
[Board "2"]
[White "Medina, Warda Aulia"]
[Black "Dauletova, Gulmira"]
[Result "1/2-1/2"]
[WhiteElo "2172"]
[BlackElo "2278"]
[PlyCount "0"]
[EventDate "2012.05.17"]
[EventType "team"]
[EventRounds "9"]
[EventCountry "CHN"]
[WhiteTeam "Indonesia"]
[BlackTeam "Kazakhstan"]

1. e4 c5 2. Nf3 d6 3. d4 cxd4 4. Nxd4 Nf6 5. Nc3 g6 6. Be2 Bg7 7. Be3 Nc6 8.
O-O O-O 9. Kh1 Nxd4 10. Bxd4 Be6 11. f4 Qa5 12. f5 Bd7 13. Bxf6 Bxf6 14. Nd5
Bg5 15. f6 exf6 16. Qd4 Be6 17. b4 Qd8 18. Nxf6+ Bxf6 19. Rxf6 a5 20. b5 Rc8
21. Bd3 Qc7 22. a4 Qc3 23. Qxc3 Rxc3 24. Kg1 Rfc8 25. Kf2 Kf8 26. Ke3 Ke7 27.
Rf2 h5 28. h4 R8c5 29. Kd4 Kd8 30. g3 Ke7 31. Rf4 Rc7 32. Rf2 R3c5 33. b6 Rc8
34. Rb1 Bd7 35. Rbf1 Be6 36. Rb1 Rc3 37. Rb5 R3c5 38. Rb1 R8c6 39. Rb5 Rc8 40.
Rb1 Kd8 41. Rb5 Ke8 42. Rb1 Ke7 43. Rb2 Bd7 44. Ra2 g5 45. Ra1 Be6 46. Rh1 Rg8
47. Rhf1 Rg7 48. Rf6 gxh4 49. gxh4 Rg6 50. Rxg6 fxg6 51. e5 Rd5+ 52. Kc3 dxe5
53. Bxg6 Rd4 54. Re1 Rxh4 55. Rxe5 Kf6 56. Re4 Rh3+ 57. Kd4 h4 58. Be8 Rh2 59.
c4 Rd2+ 60. Kc5 h3 61. Rh4 h2 62. Bc6 bxc6 63. b7 Rb2 64. Kxc6 Bf5 65. Kc7 Be4
66. b8=Q Rxb8 67. Kxb8 h1=Q 68. Rxh1 Bxh1 69. Kc7 Ke5 70. Kb6 Kd4 71. Kxa5 Kc5
72. Ka6 Kc6 73. a5 Bf3 74. Ka7 Kc7 75. Ka6 Bc6 76. Ka7 Bb7 77. c5 Bc6 78. a6
Bb5 79. c6 Ba4 80. Ka8 Bb3 81. Ka7 Be6 82. Ka8 Bc8 83. Ka7 Bg4 84. Ka8 Be2 85.
Ka7 Bb5 86. Ka8 Kc8 87. Ka7 Kc7 88. Ka8 Bxc6+ 89. Ka7 Bb5 90. Ka8 Bd7 91. Ka7
Bc8 92. Ka8 Bxa6 1/2-1/2

[Event "2012(Zaozhuang-China) Asian Nations Chess Cup"]
[Site "ZaoZhuang, China"]
[Date "2012.05.25"]
[Round "8"]
[Board "3"]
[White "Saduakassova, Dinara"]
[Black "Chelsie, Monica Sihite"]
[Result "1/2-1/2"]
[WhiteElo "2219"]
[BlackElo "2181"]
[PlyCount "0"]
[EventDate "2012.05.17"]
[EventType "team"]
[EventRounds "9"]
[EventCountry "CHN"]
[WhiteTeam "Kazakhstan"]
[BlackTeam "Indonesia"]

1. Nf3 e6 2. c4 d5 3. g3 d4 4. d3 Nc6 5. a3 a5 6. b3 e5 7. Bg2 f5 8. e3 Nf6 9.
exd4 e4 10. dxe4 fxe4 11. Ng5 Qxd4 12. Ra2 Qxd1+ 13. Kxd1 Bg4+ 14. Kc2 a4 15.
Bb2 axb3+ 16. Kxb3 Na5+ 17. Kc3 Bd6 18. Nd2 O-O 19. Re1 h6 20. Ngxe4 Nxe4+ 21.
Nxe4 Be5+ 22. Kb4 Nc6+ 23. Kb3 Na5+ 24. Kb4 Nc6+ 25. Kb3 Bxb2 26. Kxb2 Bf3 27.
Bxf3 Rxf3 28. Re2 Kf7 29. Ra1 Rd8 30. Rc1 Nd4 31. Re3 Rxe3 32. fxe3 Nf5 33. Rf1
Kg6 34. Re1 Re8 35. Nc5 b6 36. Nd3 Nxe3 37. Kb3 Kf7 38. h3 g5 39. Kc3 Re4 40.
Nb2 Nd5+ 41. Kd2 Rxe1 42. Kxe1 Ne3 43. Ke2 Nf5 44. Kf3 Ke6 45. Nd3 Nd4+ 46. Ke4
Ne2 47. Kf3 Nd4+ 48. Ke4 c5 49. g4 Nb3 50. Ke3 Kd6 51. Nb2 Na5 52. Ke4 Ke6 53.
Kd3 Nc6 54. Na4 Ne5+ 55. Kc3 Nd7 56. Kd3 Ne5+ 57. Kc3 Nd7 58. Kd3 Ke5 59. Ke3
Kd6 60. Ke4 Ke6 61. Kd3 Ne5+ 62. Kc3 Nd7 1/2-1/2

[Event "2012(Zaozhuang-China) Asian Nations Chess Cup"]
[Site "ZaoZhuang, China"]
[Date "2012.05.25"]
[Round "8"]
[Board "1"]
[White "Pham, Le Thao Nguyen"]
[Black "Munguntuul, Batkhuyag"]
[Result "0-1"]
[WhiteElo "2390"]
[BlackElo "2451"]
[PlyCount "0"]
[EventDate "2012.05.17"]
[EventType "team"]
[EventRounds "9"]
[EventCountry "CHN"]
[WhiteTeam "Vietnam"]
[BlackTeam "Mongolia"]

1. d4 d5 2. c4 c6 3. Nf3 Nf6 4. e3 Bf5 5. Nc3 e6 6. Nh4 Be4 7. f3 Bg6 8. Qb3
Qb6 9. Nxg6 hxg6 10. Bd2 Nbd7 11. Qxb6 axb6 12. cxd5 exd5 13. Bd3 b5 14. e4
dxe4 15. Nxe4 Be7 16. O-O O-O 17. Rfe1 Nd5 18. a3 Ra4 19. Bc2 Rxd4 20. Re2 Nc5
21. g3 Rd8 22. Nf2 Na4 23. Bb3 Bc5 24. Bg5 Rd7 25. Rae1 Rd3 26. Bxa4 bxa4 27.
Re8+ Kh7 28. Kg2 Bxf2 29. Kxf2 Nc7 30. Rc8 Ne6 31. Be3 g5 32. Ra8 b5 33. Rc8
R7d6 34. h4 gxh4 35. Rh1 Rb3 36. Rxh4+ Kg6 37. Rb4 Rdd3 38. Rxb3 Rxb3 39. Rxc6
Rxb2+ 40. Kf1 Rb3 41. Kf2 Rxa3 42. g4 Ra2+ 43. Kg3 Re2 44. Bc1 Kh7 45. Rb6 Nd4
46. Rb7 f6 47. g5 fxg5 48. Bxg5 Kg6 49. Bc1 Ra2 50. Kg4 Rg2+ 51. Kh3 Ra2 52.
Kg4 a3 53. Be3 Nc2 54. Bc5 Rb2 55. Bf8 a2 56. Rxg7+ Kf6 57. Ra7 a1=Q 58. Bg7+
Kg6 59. Rxa1 Rb4+ 60. f4 Nxa1 61. Bxa1 Rb1 0-1

[Event "2012(Zaozhuang-China) Asian Nations Chess Cup"]
[Site "ZaoZhuang, China"]
[Date "2012.05.25"]
[Round "8"]
[Board "2"]
[White "Bayarmaa, Bayarjargal"]
[Black "Nguyen, Thi Thanh An"]
[Result "0-1"]
[WhiteElo "2009"]
[BlackElo "2301"]
[PlyCount "0"]
[EventDate "2012.05.17"]
[EventType "team"]
[EventRounds "9"]
[EventCountry "CHN"]
[WhiteTeam "Mongolia"]
[BlackTeam "Vietnam"]

1. d4 d6 2. c4 Nd7 3. e4 e5 4. d5 a5 5. Nc3 Ngf6 6. Be2 Nc5 7. f3 Be7 8. Be3 c6
9. a3 O-O 10. b4 axb4 11. axb4 Rxa1 12. Qxa1 Na6 13. b5 Nb4 14. Qa4 c5 15. Na2
Nxa2 16. Qxa2 Nh5 17. g3 Bg5 18. Bd2 g6 19. Bf1 f5 20. exf5 Bxf5 21. Ne2 e4 22.
Bxg5 Qxg5 23. f4 Qd8 24. Bg2 Qa8 25. Qb3 Bg4 26. Nc3 g5 27. O-O e3 28. Ne4 e2
29. Re1 gxf4 30. gxf4 Qa5 31. Qb1 Nxf4 32. Nf2 Nxg2 33. Kxg2 Bf3+ 34. Kh3 Qc3
35. Rg1+ Bg2+ 36. Kh4 Qf6+ 37. Kh5 Qg6+ 38. Qxg6+ hxg6+ 39. Kxg6 Rxf2 40. Kh5
Kf7 41. Re1 Rf1 0-1

[Event "2012(Zaozhuang-China) Asian Nations Chess Cup"]
[Site "ZaoZhuang, China"]
[Date "2012.05.25"]
[Round "8"]
[Board "3"]
[White "Pham, Bich Ngoc"]
[Black "Lkhamsuren, Uuganbayar"]
[Result "1-0"]
[WhiteElo "2176"]
[BlackElo "2139"]
[PlyCount "0"]
[EventDate "2012.05.17"]
[EventType "team"]
[EventRounds "9"]
[EventCountry "CHN"]
[WhiteTeam "Vietnam"]
[BlackTeam "Mongolia"]

1. c4 Nf6 2. Nf3 c6 3. d4 d5 4. e3 Bg4 5. Nc3 e6 6. h3 Bh5 7. g4 Bg6 8. Ne5
Nbd7 9. cxd5 exd5 10. h4 Be7 11. Nxd7 Qxd7 12. h5 Be4 13. f3 Qc7 14. Rh3 O-O-O
15. fxe4 dxe4 16. Bg2 h6 17. Nxe4 Rhe8 18. Nxf6 Bxf6 19. Kf1 c5 20. d5 Rd6 21.
Qa4 Kd8 22. Bd2 Bxb2 23. Rb1 Rf6+ 24. Kg1 Ra6 25. Qc4 Bf6 26. Rb5 Be7 27. d6
Qxd6 28. Rxb7 Ra3 29. Qb5 Qxd2 30. Rb8+ Kc7 31. Qc6+ 1-0

[Event "2012(Zaozhuang-China) Asian Nations Chess Cup"]
[Site "ZaoZhuang, China"]
[Date "2012.05.25"]
[Round "8"]
[Board "4"]
[White "Saikhanzaya, Ganbaatar"]
[Black "Nguyen, Thi Mai Hung"]
[Result "0-1"]
[WhiteElo "1868"]
[BlackElo "2237"]
[PlyCount "0"]
[EventDate "2012.05.17"]
[EventType "team"]
[EventRounds "9"]
[EventCountry "CHN"]
[WhiteTeam "Mongolia"]
[BlackTeam "Vietnam"]

1. d4 d5 2. c4 e6 3. Nc3 c6 4. e3 Nf6 5. Nf3 Nbd7 6. Qc2 Bd6 7. Bd3 O-O 8. O-O
h6 9. Rd1 Qe7 10. e4 dxe4 11. Nxe4 Nxe4 12. Bxe4 c5 13. b4 cxb4 14. c5 Bb8 15.
a3 b3 16. Qxb3 Nf6 17. Bd3 Qc7 18. g3 Bd7 19. Bf4 Qc8 20. Bd6 Bxd6 21. cxd6 Bc6
22. Ne5 Bd5 23. Qb4 Qd8 24. Rdc1 Rc8 25. Bb5 a6 26. Rxc8 Qxc8 27. Bd3 Rd8 28.
Qc5 Qb8 29. Rc1 Rxd6 30. Qc7 Qf8 31. a4 Rd8 32. a5 Ra8 33. h4 Ne8 34. Qc2 Qe7
35. Bh7+ Kh8 36. Bg6 f6 37. Nd3 Bc6 38. Nf4 Qd7 39. Bh5 Nc7 40. Ng6+ Kg8 41.
Qc5 Re8 42. Re1 e5 43. Bd1 Bd5 44. Kh2 Ne6 45. Qa3 Nxd4 46. Ba4 Bc6 47. Qa2+
Qf7 48. Ra1 Qxa2 49. Rxa2 Bxa4 50. Rxa4 Kf7 51. h5 Nc6 52. Kg2 Rd8 0-1

[Event "2012(Zaozhuang-China) Asian Nations Chess Cup"]
[Site "ZaoZhuang, China"]
[Date "2012.05.26"]
[Round "9"]
[Board "1"]
[White "Munguntuul, Batkhuyag"]
[Black "Zhao, Xue"]
[Result "1/2-1/2"]
[WhiteElo "2451"]
[BlackElo "2549"]
[PlyCount "0"]
[EventDate "2012.05.17"]
[EventType "team"]
[EventRounds "9"]
[EventCountry "CHN"]
[WhiteTeam "Mongolia"]
[BlackTeam "China 1"]

1. e4 e5 2. Nf3 Nc6 3. Bb5 a6 4. Ba4 Nf6 5. O-O Be7 6. Re1 b5 7. Bb3 d6 8. a4
Bd7 9. c3 O-O 10. d4 h6 11. Nbd2 Re8 12. Nf1 Bf8 13. Ng3 Na5 14. Bc2 c5 15. h3
cxd4 16. cxd4 Qc7 17. axb5 axb5 18. b3 Nc6 19. Bb2 Rxa1 20. Bxa1 Be7 21. Qd2
Nh7 22. Nf5 Bxf5 23. exf5 Ng5 24. Nxg5 Bxg5 25. Qc3 Qb6 26. dxe5 dxe5 27. Qg3
Bf6 28. Qe3 Qxe3 29. Rxe3 Rd8 30. Re1 Rd2 31. Be4 Nd4 32. Bxd4 Rxd4 33. Bc6 Rd3
34. Bxb5 1/2-1/2

[Event "2012(Zaozhuang-China) Asian Nations Chess Cup"]
[Site "ZaoZhuang, China"]
[Date "2012.05.26"]
[Round "9"]
[Board "2"]
[White "Ju, Wenjun"]
[Black "Batchimeg, Tuvshintugs"]
[Result "1-0"]
[WhiteElo "2529"]
[BlackElo "2363"]
[PlyCount "0"]
[EventDate "2012.05.17"]
[EventType "team"]
[EventRounds "9"]
[EventCountry "CHN"]
[WhiteTeam "China 1"]
[BlackTeam "Mongolia"]

1. d4 d5 2. c4 dxc4 3. Nf3 Nf6 4. e3 e6 5. Bxc4 c5 6. Qe2 a6 7. dxc5 Bxc5 8.
O-O Nc6 9. Rd1 Qc7 10. a3 b5 11. Bd3 Bb7 12. b4 Bd6 13. Bb2 O-O 14. Nbd2 Rac8
15. Rac1 Qe7 16. Nb3 Rfd8 17. Nc5 Bxc5 18. Rxc5 Nb8 19. Rxc8 Rxc8 20. e4 Nbd7
21. Qe3 Nf8 22. Ne5 Ng6 23. f3 Qc7 24. Rc1 Qd8 25. Rxc8 Qxc8 26. Qd4 Nxe5 27.
Qxe5 Ne8 28. Qc3 Qxc3 29. Bxc3 f6 30. e5 f5 31. Kf2 Kf7 32. Ke3 Nc7 33. Kd4 Nd5
34. Bd2 Ke7 35. Kc5 Kd7 36. Bc2 Kc7 37. Bb3 Bc6 38. g4 fxg4 39. fxg4 h6 40. h4
Kd7 41. Bc2 Kc7 42. h5 Nb6 43. g5 hxg5 44. Bxg5 Be8 45. Bd1 Nd5 46. Bf3 Bf7 47.
Bg4 Kd7 48. Bd1 Nc3 49. Bf3 Nd5 50. Kd4 Kc7 51. Bd1 Kd7 52. Bd2 Nb6 53. Be2 Nd5
54. Kd3 Nb6 55. Ke4 Nc4 56. Bc1 Nb6 57. Be3 Nc4 58. Bc5 Nxa3 59. Bf8 Nc2 60.
Kf4 Nd4 61. Bd1 Nf5 62. Kg5 Be8 63. Bg4 Bf7 64. Bxg7 Nxg7 65. h6 Bg8 66. hxg7
Ke7 67. Kg6 Kd7 68. Kf6 a5 69. bxa5 1-0

[Event "2012(Zaozhuang-China) Asian Nations Chess Cup"]
[Site "ZaoZhuang, China"]
[Date "2012.05.26"]
[Round "9"]
[Board "3"]
[White "Bayarmaa, Bayarjargal"]
[Black "Shen, Yang"]
[Result "0-1"]
[WhiteElo "2009"]
[BlackElo "2419"]
[PlyCount "0"]
[EventDate "2012.05.17"]
[EventType "team"]
[EventRounds "9"]
[EventCountry "CHN"]
[WhiteTeam "Mongolia"]
[BlackTeam "China 1"]

1. d4 d5 2. c4 e6 3. Nc3 c6 4. cxd5 exd5 5. Nf3 Bd6 6. Bg5 Ne7 7. e3 Qb6 8. Rb1
Bf5 9. Bd3 Bg6 10. O-O O-O 11. b4 a6 12. Ne5 Bxd3 13. Nxd3 Ng6 14. h4 h6 15. h5
Ne7 16. Bxe7 Bxe7 17. Qg4 Qd8 18. Ne5 Bd6 19. f4 Re8 20. Rf3 Qe7 21. Na4 Bc7
22. Rb3 f6 23. Ng6 Qd7 24. f5 b6 25. Nc3 Qf7 26. Ne2 Re4 27. Ngf4 Bxf4 28. Rxf4
Re7 29. e4 Nd7 30. Nc3 dxe4 31. Nxe4 Qd5 32. Nc3 Qd6 33. Ne4 Qxd4+ 34. Kh2 Qe5
35. Rg3 a5 36. Nc3 Qc7 37. b5 Ne5 38. Qh4 Kh8 39. Rd4 Rd7 40. bxc6 Qxc6 41. Ne2
Rad8 42. Rxd7 Qxd7 43. Qe4 Nd3 44. Re3 Qd6+ 45. Kg1 b5 46. Qe6 Nf4 47. Nxf4
Qxf4 48. Rd3 Qc1+ 49. Kh2 Qc7+ 50. Kg1 Qc5+ 51. Re3 Kh7 52. Qe4 b4 53. Kh1 Qd4
54. Qf3 a4 55. Kh2 Qh4+ 56. Kg1 Rc8 57. Qd1 Qf4 58. Rf3 Qc1 59. Rf1 Qe3+ 60.
Kh2 Rc4 61. Rf3 Qe5+ 62. Kg1 Qc5+ 63. Kh2 Rc1 64. Qe2 Qc7+ 65. Kh3 Rh1+ 66. Kg4
Qc1 67. Re3 b3 68. axb3 axb3 69. Rxb3 Qg5+ 70. Kf3 Qxh5+ 71. Ke3 Qxf5 72. Qc4
Re1+ 73. Kd2 Qf2+ 74. Kd3 Re3+ 75. Kd4 Rxb3+ 0-1

[Event "2012(Zaozhuang-China) Asian Nations Chess Cup"]
[Site "ZaoZhuang, China"]
[Date "2012.05.26"]
[Round "9"]
[Board "4"]
[White "Ding, Yixin"]
[Black "Saikhanzaya, Ganbaatar"]
[Result "1-0"]
[WhiteElo "2353"]
[BlackElo "1868"]
[PlyCount "0"]
[EventDate "2012.05.17"]
[EventType "team"]
[EventRounds "9"]
[EventCountry "CHN"]
[WhiteTeam "China 1"]
[BlackTeam "Mongolia"]

1. e4 e6 2. d4 d5 3. Nc3 Bb4 4. Qg4 Nf6 5. Qxg7 Rg8 6. Qh6 Rg6 7. Qe3 Nxe4 8.
a3 Bxc3+ 9. bxc3 c6 10. Ne2 Nd7 11. f3 Nd6 12. Nf4 Nf5 13. Qf2 Rg8 14. Bd3 Qf6
15. O-O b6 16. Kh1 Bb7 17. Nh5 Qh4 18. g4 O-O-O 19. Qxh4 Nxh4 20. Bxh7 Rh8 21.
Bd3 Rdg8 22. Bd2 f5 23. h3 c5 24. Bb5 Nf8 25. Be8 fxg4 26. fxg4 Nf5 27. gxf5
Rh7 28. fxe6 Kd8 29. Bf7 Rgh8 30. Bg5+ Kc7 31. e7 1-0

[Event "2012(Zaozhuang-China) Asian Nations Chess Cup"]
[Site "ZaoZhuang, China"]
[Date "2012.05.26"]
[Round "9"]
[Board "1"]
[White "Irine, Kharisma Sukandar"]
[Black "Pham, Le Thao Nguyen"]
[Result "0-1"]
[WhiteElo "2288"]
[BlackElo "2390"]
[PlyCount "0"]
[EventDate "2012.05.17"]
[EventType "team"]
[EventRounds "9"]
[EventCountry "CHN"]
[WhiteTeam "Indonesia"]
[BlackTeam "Vietnam"]

1. e4 c5 2. Nf3 e6 3. d4 cxd4 4. Nxd4 a6 5. Bd3 Bc5 6. Nb3 Be7 7. Qg4 Bf6 8.
Qg3 Nc6 9. O-O Nge7 10. f4 d6 11. c4 O-O 12. Nc3 Ng6 13. Rd1 Qc7 14. Be3 Nb4
15. c5 dxc5 16. Nxc5 Be7 17. N5a4 Bd7 18. Nb6 Rad8 19. Nxd7 Rxd7 20. Be2 Rxd1+
21. Rxd1 Bc5 22. e5 Nc2 23. Bf2 Qb6 24. Bd3 Nb4 25. Bxg6 fxg6 26. a3 Nc6 27.
Rd2 Ne7 28. Ne4 Bxf2+ 29. Qxf2 Qc6 30. Nc3 Nd5 31. Rc2 Nxf4 32. Qd4 g5 33. Rd2
h6 34. Qe4 Qc5+ 35. Qd4 Qc7 36. Qe4 Rf5 37. g3 Rxe5 38. Qc2 Qb6+ 39. Kf1 Re1+
0-1

[Event "2012(Zaozhuang-China) Asian Nations Chess Cup"]
[Site "ZaoZhuang, China"]
[Date "2012.05.26"]
[Round "9"]
[Board "2"]
[White "Nguyen, Thi Thanh An"]
[Black "Medina, Warda Aulia"]
[Result "1-0"]
[WhiteElo "2301"]
[BlackElo "2172"]
[PlyCount "0"]
[EventDate "2012.05.17"]
[EventType "team"]
[EventRounds "9"]
[EventCountry "CHN"]
[WhiteTeam "Vietnam"]
[BlackTeam "Indonesia"]

1. d4 d5 2. Nf3 Nf6 3. c4 e6 4. e3 a6 5. Nbd2 Be7 6. Bd3 O-O 7. O-O Nbd7 8. b3
b6 9. Bb2 Bb7 10. Qe2 Ne4 11. Rac1 f5 12. Rfd1 c6 13. Nf1 a5 14. Ne1 Kh8 15. f3
Nef6 16. Ng3 Bd6 17. Nh1 Qe7 18. Nf2 c5 19. g3 cxd4 20. exd4 f4 21. g4 e5 22.
cxd5 Bxd5 23. Bc4 Bxc4 24. Rxc4 Rae8 25. Rc6 e4 26. fxe4 Nb8 27. Rxb6 Nd5 28.
Rb5 f3 29. Nxf3 Rxf3 30. Qxf3 Rf8 31. Qxf8+ Qxf8 32. Rxd5 Bxh2+ 33. Kg2 h6 34.
Rf5 Qd6 35. e5 Bxe5 36. dxe5 Qc6+ 37. Kg1 Kh7 38. Rf7 Qc2 39. Ba1 h5 40. e6 1-0

[Event "2012(Zaozhuang-China) Asian Nations Chess Cup"]
[Site "ZaoZhuang, China"]
[Date "2012.05.26"]
[Round "9"]
[Board "3"]
[White "Chelsie, Monica Sihite"]
[Black "Pham, Bich Ngoc"]
[Result "1-0"]
[WhiteElo "2181"]
[BlackElo "2176"]
[PlyCount "0"]
[EventDate "2012.05.17"]
[EventType "team"]
[EventRounds "9"]
[EventCountry "CHN"]
[WhiteTeam "Indonesia"]
[BlackTeam "Vietnam"]

1. e4 c5 2. Nf3 Nf6 3. e5 Nd5 4. Nc3 e6 5. Nxd5 exd5 6. d4 Nc6 7. dxc5 Bxc5 8.
Bd3 d6 9. exd6 Qxd6 10. O-O h6 11. c3 Be6 12. b4 Bb6 13. a4 a5 14. bxa5 Bxa5
15. Ba3 Qc7 16. Nd4 O-O-O 17. Nb5 Qb8 18. f4 g6 19. Rb1 Bc7 20. Qc1 g5 21. Nxc7
Qxc7 22. Bc5 Ne5 23. Bb6 Nxd3 24. Bxc7 Nxc1 25. Bxd8 Ne2+ 26. Kf2 Nxc3 27. Rfc1
Rxd8 28. Rxc3+ Kb8 29. Rb4 g4 30. Ke3 Bf5 31. Kd4 h5 32. a5 Re8 33. Re3 Rxe3
34. Kxe3 Ka7 35. Rb6 Be4 36. g3 f5 37. Kd4 Bg2 38. Ke5 Be4 39. Rd6 Ka8 40. a6
b5 41. Kd4 Ka7 42. Kc5 Bd3 43. Kb4 Bc4 44. Ka5 b4 45. Rd7+ Kb8 46. a7+ Kc8 47.
Rh7 1-0